CFL Football Teams Quiz - Statistics

General Stats
  • This quiz has been taken 149 times
  • The average score is 7 of 9
Answer Stats
East Division % Correct
Toronto Argonauts
87%
Saskatchewan Roughriders
82%
Edmonton Elks
80%
BC Lions
79%
Hamilton Tiger-Cats
74%
Montreal Alouettes
74%
Winnipeg Blue Bombers
73%
Calgary Stampeders
68%
Ottawa Redblacks
67%
No matching quizzes found
Score Distribution
Percent of People with Each Score
Percentile by Number Answered
Your Score History
You have not taken this quiz